000 01323cam a2200385 a 4500
001 1804
003 FISKH
005 20231002144602.0
008 080623s2009 nyuab j b 001 0 eng
010 _a 2008027083
020 _a9780531210925 (lib. bdg.)
020 _a0531210928 (lib. bdg.)
020 _a9780531224298 (pbk.)
020 _a0531224295 (pbk.)
040 _aDLC
_cDLC
_dDLC
_beng
043 _an-us-dc
050 0 0 _aF194.3
_b.F35 2009
082 0 0 _a917.5304/42
_222
100 1 _aFalk, Laine,
_d1974-
245 1 0 _aWhat's in Washington, D.C.? /
_cLaine Falk.
260 _aNew York :
_bScholastic,
_c2009.
300 _a24 pages :
_bcolor ; maps ;
_c22 cm.
490 0 _aScholastic news nonfiction readers
490 0 _aAmerican symbols
505 0 _aK
520 _aAn introduction to sightseeing in the U.S.'s capitol.
521 8 _a530
_bLexile
521 8 _aK
_bRaz-Plus
651 0 _aWashington (D.C.)
_xDescription and travel
_vJuvenile literature.
856 4 1 _3Table of contents only
_uhttp://www.loc.gov/catdir/toc/ecip0821/2008027083.html
906 _a7
_bcbc
_corignew
_d1
_eecip
_f20
_gy-gencatlg
942 _2ddc
_cBK
_n0
999 _c1804
_d1804